Statistics for Luck Test

Click here to take the quiz!

General Stats

  • This quiz has been taken 22 times
  • The average score is 4 of 15

Answer Stats

HintAnswer% Correct
Any random number 1-109
100%
Any random letterU
84%
Any random continentAfrica
68%
Any random seasonSpring
63%
Any random planetVenus
42%
Any random death causeMurder
11%
Any random billionaireWarren Buffett
11%
Any random websiteBored Button
0%
Any random diseaseDengue
0%
Any random computer partHeadphones
0%
Any random Christian nameKevin
0%
Any random countryLithuania
0%
Any random colourMagenta
0%
Any random appMinecraft
0%
Any random body partNose
0%

Score Distribution

Percentile by Number Answered

Percent of People with Each Score

Your Score History

You have not taken this quiz